By the shores of silver lake / (Record no. 360316)
[ view plain ]
| 000 -LEADER | |
|---|---|
| fixed length control field | 00704nam a2200265Ia 4500 |
| 008 - FIXED-LENGTH DATA ELEMENTS--GENERAL INFORMATION | |
| fixed length control field | 181129s9999 xx 000 0 und d |
| 020 ## - INTERNATIONAL STANDARD BOOK NUMBER | |
| International Standard Book Number | 0590488147 |
| 050 ## - LIBRARY OF CONGRESS CALL NUMBER | |
| Item number | W673 1967 |
| 100 ## - MAIN ENTRY--PERSONAL NAME | |
| Personal name | Wilder, Laura Ingalls |
| 245 #0 - TITLE STATEMENT | |
| Title | By the shores of silver lake / |
| 245 #0 - TITLE STATEMENT | |
| Statement of responsibility, etc | by Laura Ingalls Wilder ; illustrated by Garth Williams. |
| 260 ## - PUBLICATION, DISTRIBUTION, ETC. (IMPRINT) | |
| Place of publication, distribution, etc | New York, NY : |
| 260 ## - PUBLICATION, DISTRIBUTION, ETC. (IMPRINT) | |
| Name of publisher, distributor, etc | Scholastic, |
| 260 ## - PUBLICATION, DISTRIBUTION, ETC. (IMPRINT) | |
| Date of publication, distribution, etc | 1967 |
| 300 ## - PHYSICAL DESCRIPTION | |
| Extent | 290 pages : |
| 300 ## - PHYSICAL DESCRIPTION | |
| Other physical details | illustrations ; |
| 300 ## - PHYSICAL DESCRIPTION | |
| Dimensions | 19cm. |
| 650 ## - SUBJECT ADDED ENTRY--TOPICAL TERM | |
| Topical term or geographic name as entry element | Families. |
| 650 ## - SUBJECT ADDED ENTRY--TOPICAL TERM | |
| Topical term or geographic name as entry element | Frontier and pioneer life. |
| 650 ## - SUBJECT ADDED ENTRY--TOPICAL TERM | |
| Topical term or geographic name as entry element | South Dakota. |
| 650 ## - SUBJECT ADDED ENTRY--TOPICAL TERM | |
| Topical term or geographic name as entry element | United State -- |
| 650 ## - SUBJECT ADDED ENTRY--TOPICAL TERM | |
| General subdivision | Dakota territory. |
| 700 ## - ADDED ENTRY--PERSONAL NAME | |
| Personal name | Title. |
| 700 ## - ADDED ENTRY--PERSONAL NAME | |
| Personal name | Williams, Garth. |
| Withdrawn status | Lost status | Damaged status | Home library | Current library | Shelving location | Date acquired | Total Checkouts | Full call number | Barcode | Date last seen | Price effective from | Koha item type |
|---|---|---|---|---|---|---|---|---|---|---|---|---|
| Stonyhurst Southville International School (Malarayat) | Stonyhurst Southville International School (Malarayat) | 11/29/2018 | GS FIC W673 1967 | SSISM6100 | 11/29/2018 | 11/29/2018 | Books |